전 세계 나라들 - 빈 지도 - Statistics

General Stats
  • This quiz has been taken 16 times
  • The average score is 158 of 196
Answers on the Map
Answers color-coded by a green-red scale on the quiz's map according to % correct below.
 
Answer Stats
Country % Correct
가봉
100%
그리스
100%
네덜란드
100%
네팔
100%
뉴질랜드
100%
대만
100%
대한민국
100%
독일
100%
라트비아
100%
러시아
100%
루마니아
100%
룩셈부르크
100%
리투아니아
100%
멕시코
100%
모로코
100%
몽골
100%
미국
100%
베트남
100%
벨기에
100%
벨라루스
100%
북마케도니아
100%
북한
100%
불가리아
100%
브라질
100%
사우디아라비아
100%
스위스
100%
스페인
100%
슬로바키아
100%
아르헨티나
100%
아이슬란드
100%
아일랜드
100%
영국
100%
에스토니아
100%
엘살바도르
100%
예멘
100%
오스트레일리아
100%
오스트리아
100%
우루과이
100%
우크라이나
100%
이란
100%
이집트
100%
이탈리아
100%
인도
100%
인도네시아
100%
일본
100%
중국
100%
체코
100%
칠레
100%
캄보디아
100%
캐나다
100%
콜롬비아
100%
콩고공화국
100%
콩고민주공화국
100%
쿠바
100%
크로아티아
100%
튀르키예
100%
파나마
100%
파라과이
100%
페루
100%
포르투갈
100%
폴란드
100%
프랑스
100%
가나
89%
가이아나
89%
과테말라
89%
기니
89%
남아프리카공화국
89%
노르웨이
89%
니제르
89%
덴마크
89%
도미니카
89%
도미니카공화국
89%
라오스
89%
리비아
89%
리히텐슈타인
89%
말레이시아
89%
말리
89%
모리타니
89%
몰도바
89%
미얀마
89%
방글라데시
89%
베네수엘라
89%
보스니아헤르체고비나
89%
부탄
89%
세네갈
89%
세르비아
89%
소말리아
89%
수단
89%
수리남
89%
스웨덴
89%
슬로베니아
89%
아랍에미리트
89%
아이티
89%
알바니아
89%
알제리
89%
에티오피아
89%
오만
89%
우즈베키스탄
89%
이라크
89%
중앙아프리카공화국
89%
차드
89%
카자흐스탄
89%
케냐
89%
쿠웨이트
89%
키르기스스탄
89%
타지키스탄
89%
탄자니아
89%
태국
89%
투르크메니스탄
89%
튀니지
89%
파키스탄
89%
피지
89%
핀란드
89%
필리핀
89%
헝가리
89%
감비아
78%
기니비사우
78%
나미비아
78%
나이지리아
78%
남수단
78%
니카라과
78%
레바논
78%
르완다
78%
마다가스카르
78%
모잠비크
78%
몰디브
78%
몰타
78%
바티칸
78%
베냉
78%
볼리비아
78%
산마리노
78%
스리랑카
78%
시리아
78%
싱가포르
78%
아프가니스탄
78%
안도라
78%
앙골라
78%
요르단
78%
이스라엘
78%
자메이카
78%
잠비아
78%
적도기니
78%
카타르
78%
코소보
78%
코스타리카
78%
코트디부아르
78%
파푸아뉴기니
78%
모나코
67%
모리셔스
67%
몬테네그로
67%
보츠와나
67%
아르메니아
67%
아제르바이잔
67%
에스와티니
67%
에콰도르
67%
우간다
67%
지부티
67%
짐바브웨
67%
카메룬
67%
토고
67%
통가
67%
동티모르
56%
라이베리아
56%
레소토
56%
마셜제도
56%
바레인
56%
벨리즈
56%
부룬디
56%
부르키나파소
56%
브루나이
56%
사모아
56%
세이셸
56%
솔로몬제도
56%
시에라리온
56%
온두라스
56%
조지아
56%
투발루
56%
나우루
44%
말라위
44%
바베이도스
44%
에리트레아
44%
키프로스
44%
팔라우
44%
미크로네시아
33%
바누아투
33%
카보베르데
33%
코모로
33%
키리바시
33%
그레나다
22%
바하마
22%
상투메프린시페
22%
세인트빈센트그레나딘
22%
트리니다드토바고
22%
세인트루시아
11%
앤티가바부다
11%
세인트킷츠네비스
0%
No matching quizzes found
Score Distribution
Percent of People with Each Score
Percentile by Number Answered
Your Score History
You have not taken this quiz